The rising sun : (Record no. 125)

MARC details
000 -LEADER
fixed length control field 01286cam a2200349 a 4500
001 - CONTROL NUMBER
control field 14336093
005 - DATE AND TIME OF LATEST TRANSACTION
control field 20200421093819.0
008 - FIXED-LENGTH DATA ELEMENTS--GENERAL INFORMATION
fixed length control field 060411r20051970enkabf b 001 0 eng
010 ## - LIBRARY OF CONGRESS CONTROL NUMBER
LC control number 2006274202
015 ## - NATIONAL BIBLIOGRAPHY NUMBER
National bibliography number GBA533925
Source bnb
016 7# - NATIONAL BIBLIOGRAPHIC AGENCY CONTROL NUMBER
Record control number 013180536
Source Uk
020 ## - INTERNATIONAL STANDARD BOOK NUMBER
International Standard Book Number 1844153045 (pbk.)
035 ## - SYSTEM CONTROL NUMBER
System control number (OCoLC)ocm59355918
040 ## - CATALOGING SOURCE
Original cataloging agency UKM
Transcribing agency UKM
Modifying agency BAKER
-- DLC
042 ## - AUTHENTICATION CODE
Authentication code lccopycat
043 ## - GEOGRAPHIC AREA CODE
Geographic area code a-ja---
050 00 - LIBRARY OF CONGRESS CALL NUMBER
Classification number D767.2
Item number .T58 2005
082 04 - DEWEY DECIMAL CLASSIFICATION NUMBER
Classification number 940.5352
Edition information 22
100 1# - MAIN ENTRY--PERSONAL NAME
Personal name Toland, John.
9 (RLIN) 144
245 14 - TITLE STATEMENT
Title The rising sun :
Remainder of title the decline and fall of the Japanese Empire 1936-1945 /
Statement of responsibility, etc. John Toland.
260 ## - PUBLICATION, DISTRIBUTION, ETC.
Place of publication, distribution, etc. Barnsley, South Yorkshire :
Name of publisher, distributor, etc. Pen & Sword Military Classics,
Date of publication, distribution, etc. 2005.
300 ## - PHYSICAL DESCRIPTION
Extent xi, 954 p., [24] p. of plates :
Other physical details ill., maps ;
Dimensions 20 cm.
490 1# - SERIES STATEMENT
Series statement Pen & Sword military classics ;
Volume/sequential designation series no. 60
500 ## - GENERAL NOTE
General note Originally published: New York : Random House, 1970.
504 ## - BIBLIOGRAPHY, ETC. NOTE
Bibliography, etc. note Includes bibliographical references (p. [883]-929) and index.
650 #0 - SUBJECT ADDED ENTRY--TOPICAL TERM
Topical term or geographic name entry element World War, 1939-1945
Geographic subdivision Japan.
9 (RLIN) 762
651 #0 - SUBJECT ADDED ENTRY--GEOGRAPHIC NAME
Geographic name Japan
General subdivision History
Chronological subdivision 1926-1945.
9 (RLIN) 145
830 #0 - SERIES ADDED ENTRY--UNIFORM TITLE
Uniform title Pen & Sword military classics (Series) ;
Volume/sequential designation series no. 60.
906 ## - LOCAL DATA ELEMENT F, LDF (RLIN)
a 7
b cbc
c copycat
d 2
e ncip
f 20
g y-gencatlg
942 ## - ADDED ENTRY ELEMENTS (KOHA)
Source of classification or shelving scheme Dewey Decimal Classification
Koha item type Books
Holdings
Withdrawn status Lost status Damaged status Not for loan Collection Home library Current library Shelving location Date acquired Barcode Date last seen Price effective from Koha item type
        Reference Centerville Centerville General stacks 09/04/2014 39999000005059 09/04/2014 09/04/2014 Books
        Reference Fairview Fairview General stacks 09/04/2014 39999000005073 09/04/2014 09/04/2014 Books
        Reference Midway Midway General stacks 09/04/2014 39999000005011 09/04/2014 09/04/2014 Books
        Reference Midway Midway General stacks 09/04/2014 39999000005035 09/04/2014 09/04/2014 Books